[Event "Kiev Spring op"]
[Site "Kiev"]
[Date "2021.07.16"]
[Round "8"]
[White "Prokofyev, Valentyn"]
[Black "Kucher, Kostyantyn"]
[Result "1-0"]
[WhiteElo "2201"]
[BlackElo "1982"]
[PlyCount "119"]
[EventDate "2021.07.10"]
[EventType "swiss"]
[EventRounds "9"]
[EventCountry "UKR"]
[SourceTitle "EXT 2024"]
[Source "ChessBase"]
[SourceDate "2023.10.10"]
[SourceVersion "1"]
[SourceVersionDate "2023.10.10"]
[SourceQuality "1"]

1. e4 c5 2. Nf3 e6 3. d4 cxd4 4. Nxd4 a6 5. Bd3 Nf6 6. 0-0 Qc7 7. Qe2 d6 8. f4 Nbd7 9. Kh1 b6 10. c4 Bb7 11. Nc3 g6 12. f5 gxf5 13. exf5 e5 14. Ne6 Qc6 15. Nd5 Rc8 16. Bg5 Nxd5 17. cxd5 Qxd5 18. Bxa6 Rg8 19. Rg1 h6 20. Rad1 Bxa6 21. Qxa6 Qc4 22. Qb7 hxg5 23. Nxf8 Rxf8 24. Rxd6 Rc7 25. Qa8+ Ke7 26. Rxd7+ Rxd7 27. f6+ Kxf6 28. Qxf8 Ke6 29. Qe8+ Re7 30. Qb8 Qd4 31. Rf1 e4 32. Qc8+ Rd7 33. Qe8+ Kd6 34. b3 e3 35. Re1 Kc7 36. h3 Qc5 37. Qxe3 Qxe3 38. Rxe3 Rd1+ 39. Kh2 Kd6 40. Rf3 Ke6 41. Rg3 f6 42. Re3+ Kf5 43. a4 b5 44. axb5 Rd5 45. b4 Rxb5 46. Rb3 Kf4 47. g4 f5 48. gxf5 Rxf5 49. b5 Rf8 50. b6 Rb8 51. b7 Ke5 52. Kg3 Kd6 53. Kg4 Kc7 54. Kxg5 Rg8+ 55. Kf6 Kb8 56. h4 Rh8 57. Rb4 Rh5 58. Kg6 Rc5 59. Rb6 Rc1 60. h5 1-0

[Event "EU-ch Online U2300 Qual"]
[Site "Chess.com INT"]
[Date "2020.05.25"]
[Round "3"]
[White "Kucher, Kostyantyn"]
[Black "Nilssen, Ellen Fredericia"]
[Result "0-1"]
[WhiteElo "2006"]
[BlackElo "2071"]
[PlyCount "94"]
[EventDate "2020.05.25"]
[EventType "swiss"]
[EventRounds "8"]
[EventCountry "NET"]
[SourceTitle "EXT 2021"]
[Source "ChessBase"]
[SourceDate "2020.10.23"]
[SourceVersion "1"]
[SourceVersionDate "2020.10.23"]
[SourceQuality "1"]

1. e4 e6 2. d4 d5 3. e5 c5 4. c3 Nc6 5. Nf3 Bd7 6. a3 f6 7. g3 Qc7 8. Bf4 Qb6 9. b4 cxb4 10. cxb4 Rc8 11. h4 Nge7 12. exf6 gxf6 13. Bh3 Bg7 14. 0-0 0-0 15. Qe1 Nd8 16. Nc3 Ng6 17. Nxd5 Qc6 18. h5 Qxd5 19. hxg6 Qxf3 20. gxh7+ Kh8 21. Bg2 Qc3 22. Qe2 Qc4 23. Qh5 Qd3 24. Bd6 Re8 25. Rac1 Rc2 26. Rfd1 Qe2 27. Qxe2 Rxe2 28. Rc7 Ba4 29. Rdc1 Kxh7 30. Bxb7 Nxb7 31. Rxb7 Kg6 32. Rxa7 Bc2 33. Rc7 Be4 34. Kf1 Ra2 35. Rc8 Rxc8 36. Rxc8 Rxa3 37. Ke2 f5 38. Bc5 Bh6 39. f4 Rxg3 40. Rg8+ Bg7 41. b5 Kf7 42. Rd8 Rb3 43. b6 Bh6 44. Rd7+ Kg6 45. Rd6 Bd5 46. Kd2 Bxf4+ 47. Kc2 Bxd6 0-1

[Event "UKR-ch U12"]
[Site "Lvov"]
[Date "2019.03.25"]
[Round "7"]
[White "Kucher, Kostyantyn"]
[Black "Nahornyi, Ihor"]
[Result "1-0"]
[WhiteElo "1650"]
[BlackElo "1940"]
[PlyCount "111"]
[EventDate "2019.03.19"]
[EventType "tourn"]
[EventRounds "11"]
[EventCountry "UKR"]
[SourceTitle "CBM 190 Extra"]
[Source "ChessBase"]
[SourceDate "2019.07.15"]
[SourceVersion "1"]
[SourceVersionDate "2019.07.15"]
[SourceQuality "1"]

1. e4 c5 2. Nf3 e6 3. d4 cxd4 4. Nxd4 a6 5. Bd3 Nf6 6. 0-0 Qc7 7. Qe2 d6 8. f4 Nbd7 9. c4 Be7 10. Nc3 0-0 11. b4 Qb6 12. Be3 Qxb4 13. Rac1 Qa5 14. g4 Nc5 15. Nb3 Nxb3 16. axb3 Nd7 17. g5 Re8 18. f5 exf5 19. Nd5 f4 20. Bb6 Nxb6 21. b4 Qa3 22. Ra1 Qb3 23. Rfb1 Bg4 24. Qf1 Qxb1 25. Nxe7+ Rxe7 26. Rxb1 f3 27. c5 dxc5 28. bxc5 Na4 29. c6 bxc6 30. Qc1 Rd8 31. Qxc6 Red7 32. h3 Bxh3 33. Bf1 f2+ 34. Kh2 Be6 35. Qxa4 Rd2 36. Qxa6 h6 37. g6 Kf8 38. Qa7 fxg6 39. Rb7 R8d7 40. Rxd7 Rxd7 41. Qxf2+ Kg8 42. Bh3 Bxh3 43. Kxh3 Re7 44. Qf4 g5 45. Qf5 Rf7 46. Qc8+ Rf8 47. Qe6+ Kh7 48. e5 h5 49. Qd5 Re8 50. e6 Kg6 51. Qd7 Rxe6 52. Qxe6+ Kh7 53. Qf5+ Kh6 54. Qf7 g4+ 55. Kh4 g3 56. Qxh5# 1-0

[Event "UKR-ch U12"]
[Site "Lvov"]
[Date "2019.03.24"]
[Round "6"]
[White "Herus, Yaroslav"]
[Black "Kucher, Kostyantyn"]
[Result "0-1"]
[WhiteElo "1375"]
[BlackElo "1650"]
[PlyCount "58"]
[EventDate "2019.03.19"]
[EventType "tourn"]
[EventRounds "11"]
[EventCountry "UKR"]
[SourceTitle "CBM 190 Extra"]
[Source "ChessBase"]
[SourceDate "2019.07.15"]
[SourceVersion "1"]
[SourceVersionDate "2019.07.15"]
[SourceQuality "1"]

1. d4 Nf6 2. c4 g6 3. Nc3 d5 4. cxd5 Nxd5 5. Bd2 Bg7 6. e4 Nb6 7. Be3 0-0 8. Qd2 e5 9. 0-0-0 exd4 10. Bxd4 Bxd4 11. Qxd4 Qxd4 12. Rxd4 Nc6 13. Rd2 Be6 14. Nf3 Rad8 15. Be2 Nb4 16. a3 Nc6 17. Rhd1 Rde8 18. Nd4 Nxd4 19. Rxd4 Bb3 20. R1d2 f5 21. Bd1 Bxd1 22. Kxd1 c5 23. R4d3 fxe4 24. Rh3 Nc4 25. Re2 Nd6 26. Kc2 Rf5 27. Rhe3 Rfe5 28. b3 Nf5 29. Nxe4 Nxe3+ 0-1

[Event "UKR-ch U12"]
[Site "Lvov"]
[Date "2019.03.23"]
[Round "5"]
[White "Kucher, Kostyantyn"]
[Black "Samunenkov, Igor"]
[Result "0-1"]
[WhiteElo "1650"]
[BlackElo "1965"]
[PlyCount "44"]
[EventDate "2019.03.19"]
[EventType "tourn"]
[EventRounds "11"]
[EventCountry "UKR"]
[SourceTitle "CBM 190 Extra"]
[Source "ChessBase"]
[SourceDate "2019.07.15"]
[SourceVersion "1"]
[SourceVersionDate "2019.07.15"]
[SourceQuality "1"]

1. e4 c5 2. Nf3 g6 3. d4 cxd4 4. Nxd4 Nc6 5. Nc3 Bg7 6. Be3 Nf6 7. Bc4 0-0 8. Bb3 Re8 9. f3 d5 10. exd5 Nb4 11. Qd2 Nbxd5 12. 0-0-0 Nxe3 13. Qxe3 Qb6 14. Qd3 a6 15. g4 e5 16. Nde2 e4 17. Nxe4 Nxe4 18. fxe4 Bxg4 19. Rhf1 Red8 20. Bxf7+ Kh8 21. Bd5 Bxe2 22. Qxe2 Qxb2+ 0-1

[Event "UKR-ch U12"]
[Site "Lvov"]
[Date "2019.03.21"]
[Round "3"]
[White "Kucher, Kostyantyn"]
[Black "Dehtiarov, Roman"]
[Result "0-1"]
[WhiteElo "1650"]
[BlackElo "1652"]
[PlyCount "72"]
[EventDate "2019.03.19"]
[EventType "tourn"]
[EventRounds "11"]
[EventCountry "UKR"]
[SourceTitle "CBM 190 Extra"]
[Source "ChessBase"]
[SourceDate "2019.07.15"]
[SourceVersion "1"]
[SourceVersionDate "2019.07.15"]
[SourceQuality "1"]

1. e4 c5 2. Nf3 d6 3. d4 cxd4 4. Nxd4 Nf6 5. Nc3 a6 6. Be3 e5 7. Nb3 Be6 8. f3 h5 9. Qd2 Be7 10. 0-0-0 Nbd7 11. Kb1 Rc8 12. Qf2 b5 13. Nd5 Nxd5 14. exd5 Bf5 15. Bd3 Bxd3 16. Rxd3 f5 17. f4 e4 18. Rdd1 Bf6 19. Bd4 0-0 20. h3 a5 21. g4 a4 22. Bxf6 Qxf6 23. Nd4 a3 24. gxf5 Rfe8 25. Rhg1 e3 26. Qe2 Re4 27. Rg6 Rxd4 28. Rxf6 Rxd1+ 29. Qxd1 Nxf6 30. b3 Re8 31. c4 e2 32. Qe1 bxc4 33. bxc4 Rb8+ 34. Ka1 Rb2 35. c5 Nxd5 36. Qg3 Rd2 0-1